The scrum culture : introducing agile methods in organizations /

Bibliographic Details
Main Author: Maximini, Dominik , (Author)
Format: eBook
Language:English
Published: Cham, Switzerland : Springer International Publishing, 2015.
Subjects:
Online Access:Click to View
LEADER 01720nam a2200421 i 4500
001 EBC1966903
003 MiAaPQ
005 20200520144314.0
006 m o d |
007 cr cnu||||||||
008 150201t20152015sz ob 001 0 eng d
020 |z 9783319118260 
020 |a 9783319118277 (e-book) 
035 |a (MiAaPQ)EBC1966903 
035 |a (Au-PeEL)EBL1966903 
035 |a (CaPaEBR)ebr11005801 
035 |a (CaONFJC)MIL766515 
035 |a (OCoLC)900158036 
040 |a MiAaPQ  |b eng  |e rda  |e pn  |c MiAaPQ  |d MiAaPQ 
050 4 |a HD58.7  |b .M39 2015 
082 0 |a 302.35  |2 23 
100 1 |a Maximini, Dominik ,  |e author. 
245 1 4 |a The scrum culture :  |b introducing agile methods in organizations /  |c Dominik Maximini. 
264 1 |a Cham, Switzerland :  |b Springer International Publishing,  |c 2015. 
264 4 |c 2015 
300 |a 1 online resource (315 pages) 
336 |a text  |2 rdacontent 
337 |a computer  |2 rdamedia 
338 |a online resource  |2 rdacarrier 
504 |a Includes bibliographical references and index. 
588 |a Description based on print version record. 
590 |a Electronic reproduction. Ann Arbor, MI : ProQuest, 2015. Available via World Wide Web. Access may be limited to ProQuest affiliated libraries. 
650 0 |a Corporate culture. 
650 0 |a Organizational change. 
655 4 |a Electronic books. 
776 0 8 |i Print version:  |a Maximini, Dominik.  |t Scrum culture : introducing agile methods in organizations.  |d Cham, Switzerland : Springer International Publishing, c2015   |h xix, 315 pages   |z 9783319118260   |w 2014957176 
797 2 |a ProQuest (Firm) 
856 4 0 |u https://ebookcentral.proquest.com/lib/matrademy/detail.action?docID=1966903  |z Click to View